00520nam a2200217Ia 4500003000400000005001700004008004100021020002200062040000700084041001200091082001700103100001200120245004200132250000600174260003200180300002000212365001400232650002500246700001600271700001500287OSt20260214163819.0210423s2018 xx 000 0 und d a978-1-138-58281-1 cAL aEnglish a664.9 bHUIH aHui Y H aHandbook of meat and meat processing  a2 aBoca RatonbCRC Pressc2018 axviii,982p.bHB b6995cINR aMeats & Allied Foods aAalhus, J L aCocolin, L